000 00307nam a2200121 i 4500
001 bg
245 0 _aPolsko-radzieckie stosunki gospodarcze :
_bdokumenty i materiaƂy 1921-1939.
260 _aWarszawa,
_c1976.
040 _cBPK
041 _apol
942 _cKS
008 s pl f |000 0 pol
999 _c17080
_d17080
856 _uhttp://koha.tu.koszalin.pl/cgi-bin/koha/opac-detail.pl?biblionumber=17080
_yKatalog online BPK